000 00453nam a2200205Ia 4500
001 1513
003 GE_BSU
008 181216s||||||||xx |||||||||||||| ||und||
020 _a975482542
040 _cGE_BSU
080 _a811.512.16
245 _aHITIT.CALISMA KITABI 1.
260 _aANKARA
260 _c2007
300 _a133
541 _h10GEL
653 _aHITIT.CALISMA KITABI 1.
653 _aთურქული ენა
942 _cBK
999 _c35642
_d35642